Daily Capital City Riddle #1 - Statistics

General Stats
  • This quiz has been taken 172 times
  • The average score is 29 of 35
Answer Stats
Type Answer % Correct
Found Letter A
100%
Alphabet Letter R
98%
Found Letter S
98%
Found Letter E
96%
Alphabet Letter I
96%
Alphabet Letter N
96%
Alphabet Letter O
96%
Alphabet Letter L
95%
Found Letter B
94%
Found Letter D
94%
Found Letter T
94%
Alphabet Letter G
93%
Alphabet Letter M
93%
Found Letter U
92%
Alphabet Letter C
91%
Alphabet Letter H
91%
Found Letter P
88%
Alphabet Letter W
88%
Correctly Placed Letter A
87%
Correctly Placed Letter B
87%
Alphabet Letter K
87%
Alphabet Letter J
82%
Alphabet Letter Y
82%
Correctly Placed Letter U
80%
Alphabet Letter V
79%
Correctly Placed Letter T
77%
Correctly Placed Letter E
72%
Alphabet Letter X
69%
Alphabet Letter F
66%
Correctly Placed Letter S
66%
Alphabet Letter Z
66%
Correctly Placed Letter D
64%
Alphabet Letter Q
64%
Correctly Placed Letter P
63%
Mystery Capital Budapest
62%
No matching quizzes found
Score Distribution
Percent of People with Each Score
Percentile by Number Answered
Your Score History
You have not taken this quiz